Seriál : O behaviorálnyh financiách

Emočné odchýlky. Tolerancia k riziku a averzia k neistote. Sklon k tolerancii rizík a rizikové správanie.

Saved in:
Bibliographic Details
Main Author: Pilch, Ctibor, 1957-
Format: Book Chapter
Language:Slovak
Subjects:
Tags: Add Tag
No Tags, Be the first to tag this record!

MARC

LEADER 00000nla a2200000 4500
001 0156621
005 20240502072732.9
041 0 |a slo 
044 |a SK 
245 1 0 |a Seriál : O behaviorálnyh financiách  |c Ctibor Pilch 
520 |a Emočné odchýlky. Tolerancia k riziku a averzia k neistote. Sklon k tolerancii rizík a rizikové správanie. 
610 2 0 |a investori 
610 2 0 |a investovanie 
610 2 0 |a trh finančný 
610 2 0 |a riziko finančné 
100 1 |a Pilch, Ctibor, 1957-